Juegos fiestas y diversiones Textos históricos (Registro nro. 30759)

Detalles MARC
000 -ENCABEZADO
Número de control [NR] 01066nam a2200265Ia 4500
008 - DE LONGITUD FIJA DE DATOS DE ELEMENTOS - INFORMACIÓN GENERAL
Elementos de longitud fija [NR] 130821s1999 sp gs spa
020 ## - NUMERO INTERNACIONAL NORMALIZADO PARA LIBROS [R]
Número Internacional Normalizado del libro [NR] 8489763569
040 ## - FUENTE DE CATALOGACION [NR]
Agencia de catalogación original [NR] Co-BoUCM
Idioma de catalogación [NR] spa
041 00 - CODIGO DE IDIOMA [R]
Código de idioma para texto/pista de sonido o título separado [R] Español
092 ## - SIGNATURA TOPOGRAFICA LOCAL
Número de clasificación local CD 0096
110 ## - ASIENTO PRINCIPAL--NOMBRE CORPORATIVO [NR]
Nombre corporativo o de jurisdicción como elemento de entrada [NR] Fundación Histórica Tavera
245 00 - MENCION DE TITULO [NR]
Título [NR] Juegos fiestas y diversiones Textos históricos
Mención de responsabilidad, etc. [NR] Compilador, Ángel López Cantos.
260 ## - PUBLICACION, DISTRIBUCION, ETC. (PIE DE IMPRENTA) [R]
Lugar de publicación, distribución, etc. [R] Madrid (España)
Nombre del editor, distribuidor, etc. [R] La Fundación
Fecha de publicación, distribución, etc. [R] 1999
300 ## - DESCRIPCION FISICA [R]
Extensión [R] 1 CD-ROM
490 ## - MENCION DE SERIE [R]
Mención de serie [R] Colección Clásicos Tavera.
Designación numérica/secuencial del volumen [NR] 29
Mención de serie [R] Serie V. Temática para la historia de España
505 ## - NOTA DE CONTENIDO CON FORMATO PREESTABLECIDO [R]
Nota de contenido con formato preestablecido [NR] 47 documentos sobre la historia de los juegos y iversiones de varios autores.
650 04 - ASIENTO SECUNDARIO DE MATERIA - TERMINO TEMATICO [R]
Término temático o nombre geográfico como elemento de entrada [NR] Espectáculos populares
Subdivisión general [R] Historia
Subdivisión geográfica [R] España
Subdivisión de forma [R] CD-ROM
9 (RLIN) 14920
650 04 - ASIENTO SECUNDARIO DE MATERIA - TERMINO TEMATICO [R]
Término temático o nombre geográfico como elemento de entrada [NR] Festivales
Subdivisión general [R] Historia
Subdivisión geográfica [R] España
Subdivisión de forma [R] CD-ROM
9 (RLIN) 15657
650 04 - ASIENTO SECUNDARIO DE MATERIA - TERMINO TEMATICO [R]
Término temático o nombre geográfico como elemento de entrada [NR] Historia de Europa
9 (RLIN) 26509
650 04 - ASIENTO SECUNDARIO DE MATERIA - TERMINO TEMATICO [R]
Término temático o nombre geográfico como elemento de entrada [NR] Juegos
Subdivisión general [R] Historia
Subdivisión geográfica [R] España
Subdivisión de forma [R] CD-ROM
9 (RLIN) 18120
651 ## - ASIENTO SECUNDARIO DE MATERIA - NOMBRE GEOGRAFICO [R]
Nombre geográfico [NR] España
Subdivisión general [R] Vida social y costumbres
-- Historia
Subdivisión de forma [R] CD-ROM
9 (RLIN) 26943
700 ## - ASIENTO SECUNDARIO - NOMBRE PERSONAL [R]
Nombre personal [NR] López Cantos, ángel
-- comp.
710 ## - ASIENTO SECUNDARIO - NOMBRE CORPORATIVO [R]
Nombre corporativo o de jurisdicción como elemento de entrada [NR] Biblioteca Nacional de España
942 ## - ELEMENTOS DE ENTRADA AGREGADOS (KOHA)
Tipo de ítem principal el descrito en 300a Multimedia
Sistema de clasificación LOCAL
Tema principal Historia
Edición 1
Existencias
Fecha de último préstamo Total préstamos Código de barras Última vez visto Volúmen / Fascículo Ejemplar Price effective from Tipo de ítem Perdido Sistema de clasificación Dañado No prestable Tipo de ítem específico Suprimido Ubicación habitual Ubicación actual Localización Fecha de creación Forma de adquisición Costo
12/07/2021 1 100087643 10/12/2024 CD 0096 Ej.1 03/02/2013 Multimedia   DEWEY     CD-Rom   Claustro Claustro Colección digital 28/02/2003 Donación 5000.00